Nineteenth century England : (Record no. 24848)
[ view plain ]
| 000 -LEADER | |
|---|---|
| fixed length control field | 00945nam a22002532 4500 |
| 001 - CONTROL NUMBER | |
| control field | 24848 |
| 003 - CONTROL NUMBER IDENTIFIER | |
| rucl marc code | BD-RjUL |
| 005 - DATE AND TIME OF LATEST TRANSACTION | |
| control field | 20211209001115.0 |
| 008 - FIXED-LENGTH DATA ELEMENTS--GENERAL INFORMATION | |
| fixed length control field | 140315r19651927enk 00| 0 eng |
| 035 ## - SYSTEM CONTROL NUMBER | |
| System control number | (BD-RjUL)24917 |
| 040 ## - CATALOGING SOURCE | |
| Original cataloging agency | DLC |
| Transcribing agency | ABC |
| Modifying agency | ABC |
| -- | EQO |
| -- | BD-RjUL |
| Language of cataloging | eng |
| 041 ## - LANGUAGE CODE | |
| Language code of text/sound track or separate title | eng |
| 082 ## - DEWEY DECIMAL CLASSIFICATION NUMBER | |
| Classification number | 942.07 |
| Author mark and year | RAN |
| 100 1# - MAIN ENTRY--PERSONAL NAME | |
| Personal name | Rayner, Robert Macey, |
| Dates associated with a name | 1884- |
| 9 (RLIN) | 75981 |
| 245 10 - TITLE STATEMENT | |
| Title | Nineteenth century England : |
| Remainder of title | a political and social history of the British commonwealth, 1815-1914 / |
| Statement of responsibility, etc. | by Robert M. Rayner, with 9 maps and 3 folding date charts. |
| 260 ## - PUBLICATION, DISTRIBUTION, ETC. (IMPRINT) | |
| Place of publication, distribution, etc. | London ; |
| -- | New York [etc.] : |
| Name of publisher, distributor, etc. | Longmans, Green and co. ltd., |
| Date of publication, distribution, etc. | 1927 [reprinted 1965] |
| 300 ## - PHYSICAL DESCRIPTION | |
| Pagination | xvi, 411 p. : |
| Illustrations | illus. (maps) fold. tables. ; |
| Size | 21cm. |
| 504 ## - BIBLIOGRAPHY, ETC. NOTE | |
| Bibliography, etc | Includes index. |
| 651 #0 - SUBJECT ADDED ENTRY--GEOGRAPHIC NAME | |
| Geographic name | Great Britain |
| General subdivision | Politics and government |
| Chronological subdivision | 19th century. |
| 9 (RLIN) | 3066 |
| Geographic name | Great Britain |
| General subdivision | Social life and customs. |
| 9 (RLIN) | 76484 |
| 942 ## - ADDED ENTRY ELEMENTS (KOHA) | |
| Source of classification or shelving scheme | Dewey Decimal Classification |
| Koha item type | Books |
| Lost status | Source of classification or shelving scheme | Damaged status | Not for loan | Collection code | Permanent Location | Current Location | Shelving location | Date acquired | Source of acquisition | Cost, normal purchase price | Total Checkouts | Full call number | Date last seen | Copy number | Koha item type |
|---|---|---|---|---|---|---|---|---|---|---|---|---|---|---|---|
| Dewey Decimal Classification | Non-fiction | Central Library, University of Rajshahi | Central Library, University of Rajshahi | 01/01/1975 | Jonhanathan wren & co. | 1.50 | 942.07 RAN 1965 | 15/03/2014 | C-6 | Books | |||||
| Dewey Decimal Classification | Non-fiction | Central Library, University of Rajshahi | Central Library, University of Rajshahi | 01/01/1975 | Jonhanathan wren & co. | 1.50 | 942.07 RAN 1965 | 15/03/2014 | C-9 | Books | |||||
| Dewey Decimal Classification | Non-fiction | Central Library, University of Rajshahi | Central Library, University of Rajshahi | 01/01/1975 | johnathan wren | 1.50 | 942.07 RAN 1965 | 22/03/2014 | C-4 | Books | |||||
| Dewey Decimal Classification | Non-fiction | Central Library, University of Rajshahi | Central Library, University of Rajshahi | 01/01/1995 | Jonathan | 1.50 | 942.07 RAN | 22/03/2014 | C-5 | Books | |||||
| Dewey Decimal Classification | Non-fiction | Central Library, University of Rajshahi | Central Library, University of Rajshahi | 01/01/1995 | Jonathan | 1.50 | 942.07 RAN | 22/03/2014 | C-4 | Books | |||||
| Dewey Decimal Classification | Non-fiction | Central Library, University of Rajshahi | Central Library, University of Rajshahi | 01/01/1975 | Jonathan wren & co. | 150.00 | 942.07 RAN 1965 | 27/03/2014 | C-8 | Books | |||||
| Dewey Decimal Classification | Non-fiction | Central Library, University of Rajshahi | Central Library, University of Rajshahi | 01/01/1975 | Jonathan wren & co. | 150.00 | 942.07 RAN 1965 | 27/03/2014 | C-7 | Books | |||||
| Dewey Decimal Classification | Non-fiction | Central Library, University of Rajshahi | Central Library, University of Rajshahi | 01/01/1975 | Jonathan wren & co. | 150.00 | 942.07 RAN 1965 | 27/03/2014 | C-10 | Books |